Statistics for Modern American Slang

Click here to take the quiz!

General Stats

  • This quiz has been taken 279 times
  • The average score is 5 of 15

Answer Stats

Slang Meanin % Correct
CribHouse
84%
KicksShoes
79%
FireCool
76%
WhipCar
59%
SmashSex
48%
DipLeave
33%
GuapMoney
32%
DonkButt
31%
DownReady
26%
SwagStyle
19%
ToolGun
16%
HamBest
16%
TrapDrug spot
14%
BodyKill
11%
MoveSell
4%

Score Distribution

Percentile by Number Answered

Percent of People with Each Score

Your Score History

You have not taken this quiz